000 01354cam a2200373 i 4500
001 25882
003 Mx-PuUPA
005 20260304141254.0
008 140415s1997 sp a gr 001 0 spa d
017 _aB. 24.753-2003
020 _a8484324567
040 _cMx-PuUPA
_aMx-PuUPA
_bspa
_dMx-PuUPA
_erda
041 1 _aspa
_heng
100 1 _aGould, Stephen Jay,
_d1941-
_9765
_eautor
240 0 4 _aThe mismeasure of man.
_lEspañol
245 1 3 _aLa falsa medida del hombre /
_cStephen Jay Gould ; traducción castellana de Ricardo Pochtar y Antonio Desmonts
250 _aPrimera edición en biblioteca de Bolsillo
264 1 _aBarcelona, España :
_bCrítica,
_c2003
300 _a399 páginas :
_bilustraciones ;
_c19 cm
336 _2rdacontent
_atexto
_btxt
337 _2rdamedia
_asin medio
_bn
338 _2rdacarrier
_avolumen
_bnc
490 0 _aBiblioteca de Bolsillo ;
_v95
650 7 _2armarc
_aPruebas de inteligencia
_xHistoria
650 7 _2armarc
_aPruebas de capacidad
_xHistoria
650 7 _2armarc
_aPruebas de persobalidad
_xHistoria
650 7 _2armarc
_aCraneometría
700 1 _aPochtar, Ricardo,
_etraductor
700 1 _aDesmonts, Antonio,
_etraductor
765 0 _aGould, Stephen Jay
_tThe mismeasure of man
942 _2ddc
_cLI
_h153.93
_iG6818
999 _c25882
_d25882